Pozemné staviteľstvo I. pre 1. ročník SPŠ stavebných študijného odboru pozemné staviteľstvo

Bibliographic Details
Main Authors: Hájek, Václav (Author), Pavlis, Jaroslav (Author), Hájek, Petr (Author)
Other Authors: Koutný, Juraj, 1941-2015 (Translator)
Format: Book
Language:Slovak
PhysicalDescription:93 s. grafy, obr., sch., tab. 30 cm
Published: Bratislava Alfa plus 2003
ISBN:8088816904
Edition:2. vyd.
Subjects:

MARC

LEADER 00000nam a2200000 a 4500
001 vtls001460689
003 SK-MaSNL
005 20260301104120.0
008 240314s2003 xo a slo
015 |a SNBA2003/10-03647 
020 |a 8088816904 
035 |a SNK000415996 
035 |a urn:nbn:sk:snk-amluf5 
035 |a urn:nbn:sk:snk-am00cdju 
035 |a 1A4A9942-64B9-4241-9672-A5BDE64368C8 
040 |a SNK  |b slo  |c SNK  |e AACR2 
041 0 |a slo 
044 |a xo  |c SK 
072 7 |a 624  |2 konspekt 
080 |a 624(075.3)  |2 2. slo 
080 |a 624.01  |2 1981 
080 |a (075.3)  |2 1981 
100 1 |a Hájek, Václav  |4 aut  |9 290127 
240 1 0 |a Pozemní stavitelství  |l Slovensky 
245 1 0 |a Pozemné staviteľstvo I. pre 1. ročník SPŠ stavebných študijného odboru pozemné staviteľstvo  |c Václav Hájek a kolektív ; [z českého originálu preložil Juraj Koutný] 
250 |a 2. vyd. 
260 |a Bratislava  |b Alfa plus  |c 2003 
300 |a 93 s.  |b grafy, obr., sch., tab.  |c 30 cm 
500 |a Celkove 3. vyd. 
650 0 7 |a pozemné staviteľstvo  |2 SNK  |9 68234 
650 0 7 |a konštrukcie stavebné  |x učebnice stred. priem. škôl staveb. (1. roč.)  |2 SNK  |9 442339 
650 0 7 |a stavebné konštrukcie  |2 SNK  |9 3695 
650 0 7 |a technické kreslenie  |2 SNK  |9 3080 
655 7 |a učebnice  |2 SNK  |9 22521 
655 7 |a učebnice stredných škôl  |2 SNK  |9 69323 
700 1 |a Pavlis, Jaroslav  |4 aut  |9 60604 
700 1 |a Hájek, Petr  |4 aut  |9 349221 
700 1 |a Koutný, Juraj,  |d 1941-2015  |4 trl  |9 5174 
919 |a 80-88816-90-4 
958 |a OP 
958 |a NS 
968 |b ČES  |d 62 
999 |c 697285  |d 699215 
952 |t P60, <03>, [BOOK], {603}  |a SNK  |b SNK  |y PREZ  |7 0  |p 17A0399107  |o snkSB 67330  |i snkKSP 12583/2003  |0 0  |1 0  |4 0  |d 2003-10-01  |f 1  |l 0  |r 2025-04-16 00:00:00  |w 2026-02-23 
952 |t P60, <04>, [BOOK], {604}  |a SNK  |b SNK  |y VYP  |7 0  |p 17A0399108  |o snkSB 67330 D1  |i snkKSP 12584/2003  |0 0  |1 0  |4 0  |d 2003-10-01  |l 0  |r 2005-01-02 00:00:00  |w 2026-02-23